000 00678nam a22002297a 4500
003 UA-OsUOA
001 39638
007 ta
008 20060623b un ||||| |||| 00| 0 ukr d
100 _aАлександров Г.Ф.
090 _a140(091)(4-15)
_bА46
942 _cBK
040 _aUA-OsUOA
_brus
_cUA-OsUOA
_dUA-OsUOA
245 _aИстория западноевропейской философии
300 _a516 с.
955 _a2
041 _arus
080 _a140(091)(4-15)
260 _aЛенинград
_bИздательство Академии Наук СССР
_c1946
650 7 _a1 Філософські науки
_2UDC
999 _c325780
_d325780